| 000 | 00621nam a22002177a 4500 | ||
|---|---|---|---|
| 001 | 4054 | ||
| 003 | BD-RjUL | ||
| 005 | 20211208233827.0 | ||
| 008 | 131221s1973 un bd||| |||| 001 0 eng d | ||
| 020 | _a0720430704 | ||
| 035 | _a(BD-RjUL)4088 | ||
| 040 |
_aBD-RjUL _beng _cBD-RjUL |
||
| 041 | _aeng | ||
| 082 | 0 | 4 |
_a338.9 _bMUL |
| 245 |
_aMulti-level Plannihg : _bCase Studies in Mexico / _cEd.by Louis M. Goreux and Alan S. Manne |
||
| 260 |
_aNew York : _bAmerican Elsevier Publishing, _c1973 |
||
| 300 |
_aviii,553p. ; _c21cm. |
||
| 504 | _aIncludes Index | ||
| 650 | 0 | 7 |
_aMulti-level Plannihg _912898 |
| 942 |
_2ddc _cBK |
||
| 999 |
_c4054 _d4054 |
||